Pragmatická stratégia zdaňovania

Daňová taktika podnikateľských subjektov. Určovanie vlastnej stratégie daňovým subjektom. Daňové riziko a platenie daní. Stanovenie daňovej stratégie na základe daňovej analýzy, poznania finančných potrieb a možností firmy a súčasne rekapitulácie vedomostí o daňovom práve.

Saved in:
Bibliographic Details
Main Author: Burák, Emil
Format: Book Chapter
Language:Slovak
Subjects:
Tags: Add Tag
No Tags, Be the first to tag this record!

MARC

LEADER 00000naa$a2200000$$$4500
001 0063340
005 20231006122048.2
041 0 |a slo 
044 |a SK 
245 1 0 |a Pragmatická stratégia zdaňovania  |c Emil Burák 
520 |a Daňová taktika podnikateľských subjektov. Určovanie vlastnej stratégie daňovým subjektom. Daňové riziko a platenie daní. Stanovenie daňovej stratégie na základe daňovej analýzy, poznania finančných potrieb a možností firmy a súčasne rekapitulácie vedomostí o daňovom práve. 
610 2 0 |a zdaňovanie 
610 2 0 |a konanie daňové 
610 2 0 |a úrady daňové 
610 2 0 |a firmy 
100 1 |a Burák, Emil